| 000 | 00707nam a2200181 a 4500 | ||
|---|---|---|---|
| 003 | 0 | ||
| 005 | 20250527155823.0 | ||
| 008 | 021122s19uu xx 00 eng d | ||
| 050 |
_aPHS RC 569.5.B67 _b.C74 2002 |
||
| 100 | _aCrealese, Sophia Claire S. | ||
| 245 |
_aThe Emotional and social adjustment of abused women from the Haven Institution, Alabang / _cSophia Claire S. Crealese. |
||
| 260 |
_aLas PiƱas City, Philippines : _bSouthville International School and Colleges, _c2002. |
||
| 300 |
_a53 pages : _billustrations ; _c28 cm. |
||
| 504 | _aIncludes bibliographical references. | ||
| 650 |
_aAbused women _zPhilippines _xPsychology. |
||
| 650 |
_aSocial adjustment _zPhilippines. |
||
| 942 |
_2lcc _cPASS |
||
| 999 |
_c96694 _d96694 |
||